Music Quiz

Random Music or Song Quiz

Queen's Greatest Hits Quiz Stats

 Plays Quiz Updated Dec 31, 2018

Support Sporcle.
Go Orange.
Score 0/41 Timer 08:00
0 Plays Today
Song % Correct
Bohemian Rhapsody
91.2%
We Are the Champions
81.7%
We Will Rock You
77.3%
Killer Queen
66%
Fat Bottomed Girls
65.1%
Another One Bites the Dust
62.3%
Bicycle Race
59.8%
Under Pressure
51.3%
Somebody to Love
49.9%
Don't Stop Me Now
49.5%
Radio Ga Ga
46.3%
Crazy Little Thing Called Love
44.5%
I Want to Break Free
42.8%
You're My Best Friend
42.4%
Flash
37%
Seven Seas of Rhye
35%
The Show Must Go On
30.8%
Who Wants to Live Forever
28%
A Kind of Magic
27.6%
I Want It All
25.9%
Hammer to Fall
25.8%
Song % Correct
Save Me
24.5%
Good Old-Fashioned Lover Boy
24.3%
Innuendo
24.3%
Play the Game
24%
One Vision
22.4%
Now I'm Here
18.8%
Tie Your Mother Down
18.3%
The Miracle
16.9%
Breakthru
16.7%
I'm Going Slightly Mad
16.6%
Headlong
15.8%
The Invisible Man
15.6%
Friends Will Be Friends
15.2%
I'm In Love With My Car
14.4%
Keep Yourself Alive
12.8%
These are the Days of our Lives
12.6%
It's a Hard Life
12.4%
Stone Cold Crazy
11.6%
Body Language
10.8%
One Year of Love
5%

From the Vault

NFL Team Leaders (All Time)

by Ben

Sports 12m
It is easier to make this list of you play for an expansion team...unfortunately it is a lot harder to stay there.
Remove Ads.
Support Sporcle.
Get the best of Sporcle when you Go Orange. This ad-free experience offers more features, more stats, and more fun while also helping to support Sporcle. Thank you for becoming a member.

Show Comments

Extras

Top Quizzes Today


Score Distribution

Your Account Isn't Verified!

In order to create a playlist on Sporcle, you need to verify the email address you used during registration. Go to your Sporcle Settings to finish the process.

Report this User

Report this user for behavior that violates our Community Guidelines.

Details: